[Event "Piestany Augustus Cup"]
[Site "Piestany"]
[Date "2022.07.15"]
[Round "3"]
[White "Dolnik, Michal"]
[Black "Veasey, Christopher"]
[Result "1-0"]
[WhiteElo "1399"]
[BlackElo "1000"]
[PlyCount "43"]
[EventDate "2022.07.15"]
[EventType "swiss (rapid)"]
[EventRounds "7"]
[EventCountry "SVK"]
[SourceTitle "CBM 209 Extra"]
[Source "ChessBase"]
[SourceDate "2022.09.30"]
[SourceVersion "1"]
[SourceVersionDate "2022.09.30"]
[SourceQuality "1"]

1. e4 d6 2. Bc4 Be6 3. Bxe6 fxe6 4. Nf3 c5 5. Ng5 Nf6 6. Nxe6 Qb6 7. Nc3 d5 8. Nxd5 Nxd5 9. exd5 g6 10. c4 Bh6 11. 0-0 Nd7 12. b3 Rg8 13. Bb2 Qd6 14. Qf3 Rf8 15. Nxf8 Nxf8 16. Rfe1 Bxd2 17. Re2 b6 18. Be5 Qf6 19. Bxf6 Kd7 20. Rxe7+ Kd8 21. Qg3 g5 22. Qc7# 1-0